A Million Person Household Survey: Understanding the Burden of Injuries in Bangladesh (Record no. 23189)

MARC details
000 -LEADER
fixed length control field 00678nam a2200121Ia 4500
008 - FIXED-LENGTH DATA ELEMENTS--GENERAL INFORMATION
fixed length control field 220620s9999||||xx |||||||||||||| ||und||
100 ## - MAIN ENTRY--PERSONAL NAME
Personal name Olakunle Alonge (Ed.)||Adnan A. Hyder (Ed.)
245 #2 - TITLE STATEMENT
Title A Million Person Household Survey: Understanding the Burden of Injuries in Bangladesh
546 ## - LANGUAGE NOTE
Language note English[eng]
650 ## - SUBJECT ADDED ENTRY--TOPICAL TERM
Topical term or geographic name entry element children under 5||first-aid||injuries||care-seeking||playpens||intentional||suicide||rural||crèches||road traffic incidents||caregiver supervision||drowning||population-based||epidemiology||Bangladesh||falls||unintentional||low- and middle-income countries||burns||day-care setting
856 ## - ELECTRONIC LOCATION AND ACCESS
Uniform Resource Identifier <a href="http://www.mdpi.com/books/pdfview/book/676">http://www.mdpi.com/books/pdfview/book/676</a>
942 ## - ADDED ENTRY ELEMENTS (KOHA)
Koha item type E-Books
Holdings
Withdrawn status Lost status Damaged status Not for loan Home library Current library Date acquired Total Checkouts Date last seen Price effective from Koha item type
        Kerala University of Digital Sciences, Innovation and Technology Knowledge Centre Kerala University of Digital Sciences, Innovation and Technology Knowledge Centre 20/06/2022   20/06/2022 20/06/2022 E-Books